000 00606nam a2200229Ia 4500
005 20250508164420.0
008 008 250505s9999 xx 000 0 eng d
020 _a0-14-310194-3
037 _aTextBook
040 _aFEDL
_beng
_cFEDL
041 _aeng
_2eng
084 _a801.95, LOD/R
_qFEDL
100 _aLodge David Ed.
245 0 _aModern criticism and theory; A reader
250 _a2
260 _aNew Delhi, India
_bPearson
_c2007
300 _a550p
365 _aINR
_b310
650 _aLiterature criticism
942 _cTB
_h801.95, LOD/R
999 _c1389015
_d1389015